BIBLIOTECA

SENCICO

Valores antropométricos en el Perú (Registro nro. 2167)

Detalles MARC
000 -LEADER
fixed length control field 00915nam a2200349Ia 4500
005 - DATE AND TIME OF LATEST TRANSACTION
control field 20251020182534.0
008 - FIXED-LENGTH DATA ELEMENTS--GENERAL INFORMATION
fixed length control field 200515s9999 xx 000 0 und d
082 ## - DEWEY DECIMAL CLASSIFICATION NUMBER
Classification number 72.013/I59/1980
245 #0 - TITLE STATEMENT
Title Valores antropométricos en el Perú
260 ## - PUBLICATION, DISTRIBUTION, ETC.
Place of publication, distribution, etc. Lima
260 ## - PUBLICATION, DISTRIBUTION, ETC.
Date of publication, distribution, etc. 1980
300 ## - PHYSICAL DESCRIPTION
Extent Itintec
500 ## - GENERAL NOTE
General note 1 ejemplar
520 ## - SUMMARY, ETC.
Summary, etc. Compendio donde se describen las medidas modulares preferidas en construcción, además incluye los valores antropométricos del hombre peruano
650 ## - SUBJECT ADDED ENTRY--TOPICAL TERM
Topical term or geographic name entry element ANTROPOMETRIA
650 ## - SUBJECT ADDED ENTRY--TOPICAL TERM
Topical term or geographic name entry element APARATOS SANITARIOS
650 ## - SUBJECT ADDED ENTRY--TOPICAL TERM
Topical term or geographic name entry element ASCENSORES
650 ## - SUBJECT ADDED ENTRY--TOPICAL TERM
Topical term or geographic name entry element BLOQUE GRAPA
650 ## - SUBJECT ADDED ENTRY--TOPICAL TERM
Topical term or geographic name entry element CIMENTACIONES
650 ## - SUBJECT ADDED ENTRY--TOPICAL TERM
Topical term or geographic name entry element COLUMNAS
650 ## - SUBJECT ADDED ENTRY--TOPICAL TERM
Topical term or geographic name entry element ESCALERAS
650 ## - SUBJECT ADDED ENTRY--TOPICAL TERM
Topical term or geographic name entry element LOSAS
650 ## - SUBJECT ADDED ENTRY--TOPICAL TERM
Topical term or geographic name entry element MEDIDAS MODULARES
650 ## - SUBJECT ADDED ENTRY--TOPICAL TERM
Topical term or geographic name entry element MUROS
650 ## - SUBJECT ADDED ENTRY--TOPICAL TERM
Topical term or geographic name entry element PLACAS
650 ## - SUBJECT ADDED ENTRY--TOPICAL TERM
Topical term or geographic name entry element PORTICOS
650 ## - SUBJECT ADDED ENTRY--TOPICAL TERM
Topical term or geographic name entry element PUERTAS
650 ## - SUBJECT ADDED ENTRY--TOPICAL TERM
Topical term or geographic name entry element TECHOS
650 ## - SUBJECT ADDED ENTRY--TOPICAL TERM
Topical term or geographic name entry element VIGAS
650 ## - SUBJECT ADDED ENTRY--TOPICAL TERM
Topical term or geographic name entry element ZAPATAS
942 ## - ADDED ENTRY ELEMENTS (KOHA)
Koha item type Libros
Existencias
Fecha de la última vez que lo usaron Pago total Signatura topográfica completa Código de barras Precio efectivo desde Tipo de documento Estado perdido Estado dañado No es para préstamo Retirado Ubicación permanente Ubicación actual Fecha de adquisición
15/05/2020   72.013/I59/1980 Bib-Lima15052167 15/05/2020 Libros         Biblioteca Central Lima Biblioteca Central Lima 15/05/2020